Fr. Conceicao Rodrigues College of Engineering

MF-3 MANUAL (Record no. 32374)

MARC details
000 -LEADER
fixed length control field 00249nam a2200133Ia 4500
082 ## - DEWEY DECIMAL CLASSIFICATION NUMBER
Classification number 621.381593
100 ## - MAIN ENTRY--PERSONAL NAME
Personal name MF-3 MANUAL
245 ## - TITLE STATEMENT
Title MF-3 MANUAL
260 ## - PUBLICATION, DISTRIBUTION, ETC.
Name of publisher, distributor, etc. none
546 ## - LANGUAGE NOTE
Language note ENGLISH
654 ## - SUBJECT ADDED ENTRY--FACETED TOPICAL TERMS
Focus term MF-3 MANUAL
942 ## - ADDED ENTRY ELEMENTS (KOHA)
Koha item type BOOK
Holdings
Withdrawn status Lost status Damaged status Not for loan Collection Home library Current library Date acquired Total Checkouts Full call number Barcode Date last seen Price effective from Koha item type Date last checked out
        CRC Fr. Agnel's C.Rodrigues College of Engineering AGNEL TECHNICAL COLLEGE LIBRARY 17/03/2023 1 621.3815930002 3448 30/09/2024 17/03/2023 BOOK 15/07/2024
        CRC Fr. Agnel's C.Rodrigues College of Engineering Fr. Agnel's C.Rodrigues College of Engineering 17/03/2023   621.3815930002 3447 17/03/2023 17/03/2023 BOOK